Central Library, Doon University
WEBOPAC (ONLINE PUBLIC ACCESS CATALOGUE)

Knowing the Odds (Record no. 60160)

MARC details
000 -LEADER
fixed length control field 00474nam a22001817a 4500
005 - DATE & TIME
control field 20260130125012.0
008 - FIXED-LENGTH DATA ELEMENTS--GENERAL INFORMATION
fixed length control field 260130b |||||||| |||| 00| 0 eng d
020 ## - ISBN
International Standard Book Number 9781470425852
Price 1625.00
040 ## - CATALOGING SOURCE
Original cataloging agency Doon University
041 ## - Language
Language English
082 ## - DDC NUMBER
Classification number 519.2
Book Number WAL
100 ## - MAIN ENTRY--PERSONAL NAME
Personal name Walsh, John B
245 ## - TITLE STATEMENT
Title Knowing the Odds
Sub Title :an introduction to probability
260 ## - PUBLICATION, DISTRIBUTION, ETC. (IMPRINT)
Place of publication, distribution, etc Hyderabad
Name of publisher, distributor, etc University Press
Date of publication, distribution, etc 2024
300 ## - PHYSICAL DESCRIPTION
Pages 421
650 ## - Subject
Subject Mathematics
942 ## - ADDED ENTRY ELEMENTS (KOHA)
Koha item type Books
100 ## - MAIN ENTRY--PERSONAL NAME
-- 26110
650 ## - Subject
-- 133
952 ## - LOCATION AND ITEM INFORMATION (KOHA)
-- 2026-01-30
Holdings
Withdrawn status Lost status Source of classification or shelving scheme Damaged status Not for loan Location (home branch) Sublocation or collection (holding branch) Date acquired Koha issues (times borrowed) Koha full call number Accession No. Koha date last seen Koha item type
          Doon University Doon University 30.01.2026   519.2 WAL 51574 30.01.2026 Books
Contact : +91-135-2533126 (Library),+91-135-2533105 (Admin Office) , Email : doonlibrary@gmail.com

Powered by Koha